A user's guide to spectral sequences /
Guardado en:
| Autor Principal: | |
|---|---|
| Formato: | Libro |
| Idioma: | English |
| Publicado: |
New York :
Cambridge University Press,
2001.
|
| Edición: | 2nd ed. |
| Series: | Cambridge studies in advanced mathematics ;
58 |
| Materias: | |
| Acceso en línea: | Publisher description Table of contents |
| Etiquetas: |
Agregar Etiqueta
Sin Etiquetas, Sea el primero en etiquetar este registro!
|
| LEADER | 00996cam a22002654a 4500 | ||
|---|---|---|---|
| 001 | MAT.inmabb004038 | ||
| 008 | 000714s2001####nyua#####b####001#0#eng## | ||
| 005 | 20130311172106.0 | ||
| 245 | 1 | 2 | |a A user's guide to spectral sequences / |c John McCleary. |
| 250 | |a 2nd ed. | ||
| 260 | |a New York : |b Cambridge University Press, |c 2001. | ||
| 300 | |a xv, 561 p. : |b il. ; |c 24 cm. | ||
| 440 | 0 | |a Cambridge studies in advanced mathematics ; |v 58 | |
| 504 | |a Incluye referencias bibliográficas (p. [525]-552) e índices. | ||
| 510 | 4 | |a MR, |c 2002c:55027 | |
| 020 | |a 0521561418 | ||
| 020 | |a 0521567599 (pb) | ||
| 100 | 1 | |a McCleary, John, |d 1952- | |
| 650 | 0 | |a Spectral sequences (Mathematics) | |
| 084 | |a 55Txx (18G40) |2 msc2000 | ||
| 010 | |a 00059866 | ||
| 040 | |a DLC |c DLC |d DLC | ||
| 856 | 4 | 2 | |3 Publisher description |u http://www.loc.gov/catdir/description/cam021/00059866.html |
| 856 | 4 | 1 | |3 Table of contents |u http://www.loc.gov/catdir/toc/cam024/00059866.html |
| 859 | |h 55 |i M126-2 |p A-8338 |b BIB. MATEMATICA | ||
